banner koha

Inoculação de proteína isolada de soja em ovos embrionados oriundos de matrizes semipesadas com diferentes idades (Registro n. 300714)

MARC details
000 -LÍDER
fixed length control field 03912nab a2200349 i 4500
003 - CÓDIGO MARC DA AGÊNCIA CATALOGADORA
Campo de controle BR-BrBNA
005 - DATA E HORA DA ÚLTIMA ATUALIZAÇÃO
Campo de controle 20240801153927.0
008 - CAMPO DE TAMANHO FIXO
fixed length control field 240801b2017 bl.|r|pooa||| 00| 0 por |
040 ## - FONTE DA CATALOGAÇÃO
Agência catalogadora BR-BrBNA
Idioma da catalogação por
072 ## - CATEGORIA AGRIS
Código AGRIS L01
Código do objeto 6100
100 ## - ENTRADA PRINCIPAL - NOME PESSOAL
Nome pessoal Damasceno, J.L.
100 ## - ENTRADA PRINCIPAL - NOME PESSOAL
Nome pessoal Cruz, F.G.G.
100 ## - ENTRADA PRINCIPAL - NOME PESSOAL
Nome pessoal Melo, R.D.
100 ## - ENTRADA PRINCIPAL - NOME PESSOAL
Nome pessoal Feijó, J.C.
100 ## - ENTRADA PRINCIPAL - NOME PESSOAL
Nome pessoal Rufino, J.P.F.
100 ## - ENTRADA PRINCIPAL - NOME PESSOAL
Nome pessoal Valentim, F.M.
100 ## - ENTRADA PRINCIPAL - NOME PESSOAL
Nome pessoal Oliveira, J.P.C.
245 ## - TÍTULO PRINCIPAL
Título principal Inoculação de proteína isolada de soja em ovos embrionados oriundos de matrizes semipesadas com diferentes idades
500 ## - NOTA GERAL
Nota geral Publicação on-line; 23 ref.; 6 tables; Summaries (En, Pt)
942 ## - ADDED ENTRY ELEMENTS (KOHA)
Koha item type
520 ## - NOTA DE RESUMO
Nota de conteúdo <br/><br/>RESUMO - Este estudo objetivou avaliar os efeitos da inoculação de proteína isolada de soja (P.I.S.) em ovos embrionados de matrizes semipesadas com diferentes idades. Foram utilizados 320 ovos embrionados de matrizes semipesadas da linhagem Rhode Island Red com 35 e 70 semanas de idade. Ao 17º dia de incubação, os ovos foram inoculados com 0,5mL de solução diretamente na cavidade alantoide. O delineamento experimental utilizado foi o inteiramente ao acaso, em esquema fatorial (2 x 4), constituído por dois fatores: idades das matrizes (matrizes jovens e matrizes velhas) e soluções inoculadas (ovo íntegro; 0,5% de solução salina; 1% de P.I.S. + 0,5% de solução salina; e 2% de P.I.S. + 0,5% de solução salina), totalizando oito tratamentos contendo 40 ovos cada. Os dados coletados foram analisados pelo teste de Tukey a 5% de significância. A inoculação de proteína isolada de soja apresentou efeito positivo sobre a relação pinto-ovo, porém sem proporcionar melhora nos rendimentos de incubação, no desenvolvimento dos órgãos e no desempenho de pintos na fase pré-inicial. A idade da matriz influenciou diretamente as variáveis avaliadas, em que ovos oriundos de aves velhas apresentaram maior peso, maior mortalidade embrionária na fase tardia, pintos mais pesados e pior conversão alimentar.<br/><br/><br/>Palavras-chave: desempenho de pintos, eclodibilidade, mortalidade embrionária, nutrição in ovo
520 ## - NOTA DE RESUMO
Nota de conteúdo <br/><br/>ABSTRACT - This study aimed to evaluate the influence of inoculation of isolated soy protein (P.I.S.) in embryonated eggs of semi-heavy with different ages. 320 embryonated eggs were used from semi-heavy breeders of Rhode Island Red lineage with 35 and 70 weeks of age. In the 17th day of incubation, the eggs were inoculated with 0.5 ml of solution in the allantoic cavity. The experimental method was completely randomized in factorial scheme (2 x 4), consisting of two factors: matrices ages (young and old matrices) and inoculation solutions (non-inoculated eggs; 0.5% of saline solution; 1% of P.I.S. + 0.5% of saline solution; and 2% of P.I.S. + 0.5% of saline solution, totalling eight treatments containing 40 eggs each. The inoculation of isolated soy protein showed positive effect on the chick-egg relation, albeit without improving incubation yields, organ development and chicks’s performance in the pre-initial phase. The age of the breeder directly influenced the variables evaluated, with eggs from older breeder showing better weight, higher embryonic mortality in late phase, heavier chicks and worse feed conversion.<br/><br/><br/>Keywords: chick performance, embryo mortality, hatchability, in ovo nutrition
650 ## - ASSUNTO - THESAGRO
Cabeçalho tópico ou nome geográfico PINTO
650 ## - ASSUNTO - THESAGRO
Cabeçalho tópico ou nome geográfico PERFORMANCE
650 ## - ASSUNTO - THESAGRO
Cabeçalho tópico ou nome geográfico INCUBAÇÃO
650 ## - ASSUNTO - THESAGRO
Cabeçalho tópico ou nome geográfico INOCULAÇÃO
650 ## - ASSUNTO - THESAGRO
Cabeçalho tópico ou nome geográfico NUTRIÇÃO
650 ## - ASSUNTO - THESAGRO
Cabeçalho tópico ou nome geográfico OVO
773 0# - ENTRADA ANALÍTICA
Host Biblionumber 1643
Registro do item 316243
Imprenta Belo Horizonte-MG Universidade Federal de Minas Gerais - Escola de Veterinaria 1983
Outro identificador 2024-2644
Título Arquivo Brasileiro de Medicina Veterinária e Zootecnia (Brazil)
ISSN 0102-0935
Colação v. 69(5) p. 1259-1266; (2017)
Número de controle de registro 2024002207
856 ## - ACESSO E ENDEREÇO ELETRÔNICO
Identificador uniforme de recurso - URI https://www.scielo.br/j/abmvz/a/B5wpnnNhXryDNPG4mtmWRBd/?format=pdf&lang=pt

Nenhum exemplar disponível.

BINAGRI

Telefone: (61)3218-2567/2388/3357/2097 - binagri@agro.gov.br

Ministério da Agricultura e Pecuária , Esplanada dos Ministérios, Bloco D, Anexo B, Brasília/DF, CEP: 70.043-900